000 00765nam a2200193Ii 4500
003 JO-AjNU
008 230605s9999||||xx |||||||||||||| ||und||
040 _aJO-AjNU
_bara
_erda
_cJO-AjNU
041 _aara
050 1 4 _aHV43 2004
100 3 _aالمؤتمر العلمي السابع عشر من 24-25 مارس 2004,
_eauthor
_915012
245 0 0 _aطموحات الخدمة الاجتماعية وقضايا التحديث، مج 1
264 3 1 _aالقاهرة : جامعة حلوان، 2004
300 _aمج1، 500ص
_bيحتوي على ملاحق و ببلوغرافية من ص478-500ص
336 _atext
_btxt
_2rdacontent
337 _aunmediated
_bn
_2rdamedia
338 _avolume
_bnc
_2rdacarrier
650 4 _aالخدمة الاجتماعية
_915013
999 _aA4140
_c7708
_d7708